Analýza rizík operátora výroby pri obsluhe vybraného zariadenia

Gespeichert in:
Bibliographische Detailangaben
1. Verfasser: Jakubec, Roman (Verfasst von)
Weitere Verfasser: Martinka, Jozef (Betreuung Doktorarbeit)
Format: Manuskript Buch
Sprache:Slowakisch
Veröffentlicht: 2023
Schlagworte:
Online-Zugang:http://is.stuba.sk/zp/portal_zp.pl?podrobnosti=170319
Tags: Tag hinzufügen
Keine Tags, Fügen Sie das erste Tag hinzu!

MARC

LEADER 00000ntm a22000003a 4500
001 stuzp94591
003 SK-STU
005 20230909222605.9
007 ta
008 150427s2015----xo-----f-mn---000-0-slo-d
040 |a STU  |b slo 
041 0 |a slo 
100 1 |a Jakubec, Roman  |u 065000  |4 aut  |U MTF Materiálovotechnologická fakulta  |T MTF Ústav integrovanej bezpečnosti  |X 91437  |U M5000  |Y 85  |7 91437 
242 0 1 |a Analysis of the risks of the production operator when operating the selected machine  |y eng 
245 1 0 |a Analýza rizík operátora výroby pri obsluhe vybraného zariadenia 
260 |c 2023 
650 4 |a riziko  |2 slo 
650 4 |a stroj  |2 slo 
650 4 |a operátor výroby  |2 slo 
650 4 |a chyby  |2 slo 
650 4 |a bezpečnosť  |2 slo 
650 4 |a risk  |2 eng 
650 4 |a safety  |2 eng 
650 4 |a machine  |2 eng 
650 4 |a production operator  |2 eng 
650 4 |a errors  |2 eng 
700 1 |a Martinka, Jozef  |u 065300  |k Z1  |4 ths  |U MTF Ústav integrovanej bezpečnosti  |T MTF Katedra požiarneho inžinierstva  |X 45163  |U M5300  |Y 193  |7 A000045163 
856 4 |u http://is.stuba.sk/zp/portal_zp.pl?podrobnosti=170319 
996 |c M* DP-15137  |l MMSKP  |s P  |a 0  |w stuzp94591_0001